المعارف السلمانية فى كيفية علم الامام وكميته / (Record no. 37721)
[ view plain ]
| 000 -الفاتح | |
|---|---|
| حقل البيانات ثابتة الطول | 00600nam a2200181Ia 4500 |
| 005 - وقت وتاريخ اخر تعامل مع التسجيلة | |
| رقم الضبط | 20240530103227.0 |
| 008 - عناصر البيانات ثابتة الطول - معلومات عامة | |
| حقل البيانات ثابتة الطول | 140319s9999 xx 000 0 ara d |
| 040 ## - مصدر الفهرسة | |
| وكالة الفهرسة الأصلية | GCL / |
| وكالة النسخ | GCL |
| 082 04 - رقم تصنيف ديوى العشرى | |
| رقم التصنيف | 247.1 |
| رقم المادة | ن م |
| 100 1# - المدخل الرئيسى - إسم شخصى | |
| الإسم الشخصى | النجفنى, عبدالرحيم بن محمد حس |
| 245 10 - بيان العنوان | |
| العنوان | المعارف السلمانية فى كيفية علم الامام وكميته / |
| بيان المسئوليه,etc | النجفنى, عبدالرحيم بن محمد حس |
| 300 ## - الوصف المادى | |
| التعداد | 191 ص |
| 650 04 - المدخل الاضافى بالموضوع-مصطلح موضوعى | |
| مصطلح موضوعي | الشيعة |
| 650 04 - المدخل الاضافى بالموضوع-مصطلح موضوعى | |
| مصطلح موضوعي | الامامة |
| 700 1# - المدخل الاضافى - اسم شخصى | |
| الإسم الشخصى | محمد جميل حمود (تحقيق) |
| 942 ## - عناصر المدخل الإضافي( كوها) | |
| مصدر التصنيف او مخطط الترفيف | Dewey Decimal Classification |
| Koha [default] item type | كتاب |
| حالة التراجع | حالة الفقد | حالة تلف | ليس للاعارة | المكان المؤقت | الموقع الحالى | تاريخ الاكتساب | اجمالي اﻻعارات | رقم الطلب | الباركود | تاريخ اخر مشاهدة | تاريخ تفعيل السعر | نوع وعاء كوها |
|---|---|---|---|---|---|---|---|---|---|---|---|---|
| مكتبة القاهرة الكبرى | مكتبة القاهرة الكبرى | 03/26/2014 | 247.1\ن م | 92103 | 03/26/2014 | 03/26/2014 | كتاب | |||||
| مكتبة القاهرة الكبرى | مكتبة القاهرة الكبرى | 03/26/2014 | 247.1\ن م | 92104 | 03/26/2014 | 03/26/2014 | كتاب |

